La literatura griega (Registro nro. 6612)

Detalles MARC
000 -CABECERA
Longitud fija campo de control 00676nam a2200229 a 4500
001 - NÚMERO DE CONTROL
Número de control ES-MaREB00584618-9
003 - IDENTIFICADOR DELl NÚMERO DE CONTROL
Identificador del número de control OSt
005 - FECHA Y HORA DE LA ÚLTIMA TRANSACCIÓN
Fecha y hora de la última transacción 20140204182744.0
008 - CÓDIGOS DE INFORMACIÓN DE LONGITUD FIJA
Códigos de información de longitud fija 031001s1996 mex spa
020 ## - NÚMERO INTERNACIONAL NORMALIZADO PARA LIBROS
Número Internacional Normalizado para Libros (ISBN) 968-16-0396-6
040 ## - FUENTE DE LA CATALOGACIÓN
Centro catalogador de origen BP-ZA
Centro transcriptor BMC
082 ## - NÚMERO DE LA CLASIFICACIÓN DECIMAL DEWEY
Númeroo de clasificación 880.809
100 1# - PUNTO DE ACCESO PRINCIPAL-NOMBRE DE PERSONA
Nombre de persona Bowra, C. M.
9 (RLIN) 12767
245 10 - MENCIÓN DE TÍTULO
Título La literatura griega
Mención de responsabilidad, etc. C.M. Bowra ; [traducción de Alfonso Reyes]
250 ## - MENCIÓN DE EDICIÓN
Mención de edición 1ª ed., 15ª reimp
260 ## - PUBLICACIÓN, DISTRIBUCIÓN, ETC. (PIE DE IMPRENTA)
Lugar de publicación, distribución, etc. México, D.F.
Nombre del editor, distribuidor, etc. Fondo de Cultura Económica
Fecha de publicación, distribución, etc. 1996
300 ## - DESCRIPCIÓN FÍSICA
Extensión 215 p.
Dimensiones 17 cm
490 ## - MENCIÓN DE SERIE
Mención de serie Breviarios
Designación de volumen o secuencia 1
650 24 - PUNTO DE ACCESO ADICIONAL DE MATERIA - TÉRMINO DE MATERIA
Término de materia o nombre geográfico como elemento inicial Literatura griega
Subdivisión de materia general Historia y crítica
9 (RLIN) 12766
700 1# - PUNTO DE ACCESO ADICIONAL - NOMBRE DE PERSONA
Nombre de persona Reyes, Alfonso
9 (RLIN) 587
Fechas asociadas al nombre 1889-1959
942 ## - ENTRADA DE ELEMENTOS AGREGADOS (KOHA)
Fuente de clasificaión o esquema Dewey Decimal Classification
Koha [por defecto] tipo de item 1- Monografias
Existencias
Suprimido Perdido Fuente de clasificación o esquema Estropeado Restricciones de uso No para préstamo Código de colección Localización permanente Localización actual Localización en estanter&íacute;as Fecha adquisición Fuente de adquisición Número de inventario Préstamos totales Signatura completa Código de barras Fecha última consulta Fecha último préstamo Coste, precio reemplazado Fecha del precio de reemplazo Tipo de item de Koha
NULL NULL Dewey Decimal Classification NULL Prestable NULL NULL Biblioteca Miguel de Cervantes - UNICAES Biblioteca Miguel de Cervantes - UNICAES Sala Principal 18/03/1999 Donación - Toshiaki 010699 1 880.809 BOW lit 1010699 25/01/2019 24/01/2019 9.99 01/02/2014 1- Monografias